| 000 | 00655nam a2200205 a 4500 | ||
|---|---|---|---|
| 005 | 20220812063954.0 | ||
| 008 | 030227s2001 mx r 000 0 spa d | ||
| 020 | _a9501261328 | ||
| 035 | _aUPN01000122238 | ||
| 049 | _aCG | ||
| 050 | 4 |
_aLB1027.3 _bL5.4 |
|
| 100 | 1 |
_aLibedinsky, Marta _941606 |
|
| 245 | 1 | 3 |
_aLa innovación en la enseñanza : _bdiseño y documentación de experiencias de aula / _cLibedinsky Marta. |
| 260 |
_aBuenos Aires : _bPaidós, _c2001. |
||
| 300 | _a166 p. | ||
| 440 | 0 | _aBiblioteca cuestiones de educación | |
| 650 | 4 |
_aEducación _xMétodos experimentales _95868 |
|
| 650 | 4 |
_aInnovaciones educativas _9386 |
|
| 905 | _aLibro | ||
| 999 |
_c94435 _d94435 |
||